Bài học thắng lợi của chiến dịch Điện Biên Phủ

Sparad:
Bibliografiska uppgifter
Huvudupphovsman: Võ Nguyên Giáp
Materialtyp: Bok
Språk:Undetermined
Publicerad: Hà Nội Quân đội nhân dân 1969
Ämnen:
Taggar: Lägg till en tagg
Inga taggar, Lägg till första taggen!
Thư viện lưu trữ: Trung tâm Học liệu Trường Đại học Cần Thơ
LEADER 00608nam a2200169Ia 4500
001 CTU_10967
008 210402s9999 xx 000 0 und d
082 |a 959.7041 
082 |b Gi109b/1969 
100 |a Võ Nguyên Giáp 
245 0 |a Bài học thắng lợi của chiến dịch Điện Biên Phủ 
245 0 |c Võ Nguyên Giáp 
260 |a Hà Nội 
260 |b Quân đội nhân dân 
260 |c 1969 
650 |a dien bien phu ( vietnam ), battle of, 1954,military art and science,vietnam - war - 1946-1954 
980 |a Trung tâm Học liệu Trường Đại học Cần Thơ